000 00274nam a2200121Ia 4500
008 190216s9999||||xx |||||||||||||| ||und||
100 _aKakkanadan G V
245 0 _aEe Naykalude Lokam
260 _bPoorna Pubs Kozhikode
300 _a788p
650 _aNovel
942 _cBK
999 _c27380
_d27380